Care of the critically ill patients: in the tropics . (2nd ed.) (Record no. 30928)

MARC details
000 -LEADER
fixed length control field 00895nam a2200229 a 4500
008 - FIXED-LENGTH DATA ELEMENTS--GENERAL INFORMATION
fixed length control field 120619s2004 ||||||||||||||||| || u
020 ## - INTERNATIONAL STANDARD BOOK NUMBER
International Standard Book Number 0333915011
050 ## - LIBRARY OF CONGRESS CALL NUMBER
Classification number RC 86.7 Car (BOX 100)
100 ## - MAIN ENTRY--PERSONAL NAME
Personal name Leaver, Richard J
245 10 - TITLE STATEMENT
Title Care of the critically ill patients: in the tropics . (2nd ed.)
Statement of responsibility, etc. David A. K. Watters, [and others]
250 ## - EDITION STATEMENT
Edition statement 2nd ed.
260 ## - PUBLICATION, DISTRIBUTION, ETC.
Place of publication, distribution, etc. Oxford:
Name of publisher, distributor, etc. Macmillan Education
Date of publication, distribution, etc. 2004
300 ## - PHYSICAL DESCRIPTION
Extent xiii, 466p.: ill.
500 ## - GENERAL NOTE
General note Blue Trunk Library Collection (WHO).  Bibliography
650 ## - SUBJECT ADDED ENTRY--TOPICAL TERM
Topical term or geographic name entry element CRITICAL CARE
650 ## - SUBJECT ADDED ENTRY--TOPICAL TERM
Topical term or geographic name entry element CRITICAL CARE MEDICINE
650 ## - SUBJECT ADDED ENTRY--TOPICAL TERM
Topical term or geographic name entry element CRITICALLY ILL
700 ## - ADDED ENTRY--PERSONAL NAME
Personal name Wilson, Iain H
700 ## - ADDED ENTRY--PERSONAL NAME
Personal name Watters, David A. K
700 ## - ADDED ENTRY--PERSONAL NAME
Personal name Bagshawe, Antonia
995 ## -
-- MEDICAL LIBRARY OPEN ACCESS
-- 743105
-- CBU-SCHOOL OF MEDICINE LIBRARY (Ndola)
-- BTL RC 86.7 Car (BOX 100)
-- 1
-- AVAILABLE
-- Jul 24, 2012
-- 743105
-- Medical Library Open Access Collection
999 ## -
-- 30928
-- 30928
Holdings
Withdrawn status Lost status Source of classification or shelving scheme Damaged status Not for loan Permanent Location Current Location Shelving location Date acquired Total Checkouts Full call number Barcode Date last seen Price effective from Koha item type
          CBU-SCHOOL OF MEDICINE LIBRARY, NDOLA. CBU-SCHOOL OF MEDICINE LIBRARY, NDOLA.   11/30/2022   RC 86.7 Car (BOX 100) 743105 11/30/2022 11/30/2022 MONOGRAPH